Normal view
MARC view
- Renius, Karl Th
Entry Personal Name
001 - CONTROL NUMBER
- control field: 98290
003 - CONTROL NUMBER IDENTIFIER
- control field: NUST
005 - DATE AND TIME OF LATEST TRANSACTION
- control field: 20220822120325.0
008 - FIXED-LENGTH DATA ELEMENTS
- fixed length control field: 220822|| aca||aabn | a|a d
040 ## - CATALOGING SOURCE
- Original cataloging agency: NUST
- Transcribing agency: NUST
100 ## - HEADING--PERSONAL NAME
- Personal name: Renius, Karl Th
670 ## - SOURCE DATA FOUND
- Source citation: Work cat.: (NUST): Renius, Karl Th., Fundamentals of Tractor Design, 2020.
